| 000 | 02452cam a2200385 a 4500 | ||
|---|---|---|---|
| 001 | 16256309 | ||
| 003 | OSt | ||
| 005 | 20170105102900.0 | ||
| 008 | 100528s2011 enka b 001 0 eng | ||
| 010 | _a 2010022490 | ||
| 020 | _a9780415587976 (hardcover) | ||
| 020 | _a0415587972 (hardcover) | ||
| 020 | _a9780203837085 (ebook) | ||
| 020 | _a0203837088 (ebook) | ||
| 035 | _a(OCoLC)ocn526106653 | ||
| 040 |
_aDLC _cDLC _dYDX _dBTCTA _dYDXCP _dGUL _dCDX _dPMC _dDLC |
||
| 042 | _apcc | ||
| 050 | 0 | 0 |
_aJZ5578 _b.W667 2011 |
| 082 | 0 | 0 |
_a327.172082 _222 _bWOM 2011 |
| 245 | 0 | 0 |
_aWomen, peace and security : _btranslating policy into practice / _cedited by 'Funmi Olonisakin, Karen Barnes and Eka Ikpe. |
| 260 |
_aMilton Park, Abingdon, Oxon [England] ; _aNew York : _bRoutledge, _c2011. |
||
| 300 |
_axxv, 242 p. : _bill. ; _c24 cm. |
||
| 490 | 1 | _aContemporary security studies | |
| 504 | _aIncludes bibliographical references and index. | ||
| 505 | 0 | _aThe evolution and implementation of UNSCR 1325 : an overview / Karen Barnes -- Gendered violence and UNSCR 1325 in Kosovo : shifting paradigms on women, peace and security / Catherina H. Hall-Martin -- UNSCR 1325 implementation in Liberia : dilemmas and challenges / Emma Njoki Wamai -- Nepal and the implementation of UNSCR 1325 / Lesley Abdela -- Nigeria and the implementation of UNSCR 1325 / Eka Ikpe -- Rwanda and the implementation of UNSCR 1325 / Kiri-Ann E. Richardson Olney -- Lost in translation? UNAMSIL, UNSCR 1325 and women building peace in Sierra Leone / Karen Barnes -- The impact of UNSCR 1325 and peacekeeping operations in Sudan / Gihan Eltahir-Eltom -- Women and gender issues in peacebuilding : lessons learned from Timor-Leste / Sumie Nakaya -- The African Union and implementation of UNSCR 1325 / Bineta Diop -- The gender dimensions of the ECOWAS peace and security architecture : a regional perspective on UNSCR 1325 / Awa Ceesay-Ebo -- A look at UNSCR 1325 in SADC / Nyaradzo Machingambi-Pariola -- Turning policies into action? The European Union and the implementation of UNSCR 1325 / Karen Barnes. | |
| 650 | 0 | _aWomen and peace. | |
| 650 | 0 | _aWomen and war. | |
| 700 | 1 | _aOlonisakin, ʼFunmi. | |
| 700 | 1 | _aBarnes, Karen. | |
| 700 | 1 | _aIkpe, Eka. | |
| 830 | 0 | _aContemporary security studies. | |
| 906 |
_a7 _bcbc _corignew _d1 _eecip _f20 _gy-gencatlg |
||
| 942 |
_2ddc _cBK |
||
| 999 |
_c14620 _d14620 |
||